ბათუმის შოთა რუსთაველის სახელმწიფო უნივერსიტეტის ბიბლიოთეკა

სამი ოსმალური წყარო თბილისის ისტორიისათვის (ბიბ.ჩანაწერი № 40701)

000 -LEADER
fixed length control field 01236nam a2200229Ia 4500
001 - CONTROL NUMBER
control field 7337
003 - CONTROL NUMBER IDENTIFIER
control field GE_BSU
008 - FIXED-LENGTH DATA ELEMENTS--GENERAL INFORMATION
fixed length control field 181216s||||||||xx |||||||||||||| ||und||
020 ## - INTERNATIONAL STANDARD BOOK NUMBER
International Standard Book Number 9789941407001
040 ## - CATALOGING SOURCE
Transcribing agency GE_BSU
080 ## - UNIVERSAL DECIMAL CLASSIFICATION NUMBER
Universal Decimal Classification number 94(479.22)+930.22/27(560)
245 ## - TITLE STATEMENT
Title სამი ოსმალური წყარო თბილისის ისტორიისათვის
245 ## - TITLE STATEMENT
Remainder of title 1730-1732 წლები.
245 ## - TITLE STATEMENT
Statement of responsibility, etc. თურქული ტექსტი, ქართული თარგმანით, შესავლით, ტერმინოლოგიური ლექსიკონით გამოსაცემად მოამზადა ნოდარ შენგელიამ. გამომც. რედ.: მარგო ინასარიძე.
250 ## - EDITION STATEMENT
Edition statement ივანე ჯავახიშვილის სახ. თბილისის სახ. უნ–ტი.
260 ## - PUBLICATION, DISTRIBUTION, ETC.
Place of publication, distribution, etc. თბილისი.
260 ## - PUBLICATION, DISTRIBUTION, ETC.
Name of publisher, distributor, etc. ჰოროსი XXI.
260 ## - PUBLICATION, DISTRIBUTION, ETC.
Date of publication, distribution, etc. 2008.
300 ## - PHYSICAL DESCRIPTION
Extent 488 გვ.; 20 სმ.
653 ## - INDEX TERM--UNCONTROLLED
Uncontrolled term სამი ოსმალური წყარო თბილისის ისტორიისათვის
942 ## - ADDED ENTRY ELEMENTS (KOHA)
Koha item type წიგნი
ეგზემპლარები
Withdrawn status Lost status Damaged status Not for loan Date acquired Barcode Date last seen Price effective from Koha item type
        2018-12-17 18646 2018-12-17 2018-12-17 წიგნი